[Event "1st Sivas Buruciye Open 2019"]
[Site "Sivas"]
[Date "2019.08.22"]
[Round "6"]
[White "Tofan, Ismail"]
[Black "Karahan, Anil"]
[Result "1-0"]
[WhiteElo "1669"]
[BlackElo "1721"]
[Annotator "NA"]
[PlyCount "67"]
[EventDate "2019.08.19"]
[EventType "swiss"]
[EventCountry "TUR"]
[SourceTitle "playchess.com"]
[Source "ChessBase"]
[SourceQuality "1"]
[TimeControl "5400+30"]

1. Nf3 {[%emt 0:04:30]} Nf6 {[%emt 0:00:30]} 2. b3 {[%emt 0:00:30]} g6 {[%emt 0:01:30]} 3. Bb2 {[%emt 0:00:30]} Bg7 {[%emt 0:01:30]} 4. e3 {[%emt 0:00:30]} c5 {[%emt 0:00:30]} 5. Be2 {[%emt 0:01:30]} Nc6 {[%emt 0:01:30]} 6. O-O {[%emt 0:00:30]} d5 {[%emt 0:00:30]} 7. Ne5 {[%emt 0:01:30]} Nxe5 {[%emt 0:00:30]} 8. Bxe5 {[%emt 0:00:30]} O-O {[%emt 0:00:30]} 9. d4 {[%emt 0:01:30]} Bf5 {[%emt 0:01:30]} 10. dxc5 {[%emt 0:03:30]} Rc8 {[%emt 0:00:30]} 11. b4 {[%emt 0:01:30]} b6 {[%emt 0:01:30]} 12. Ba6 {[%emt 0:00:30]} Rc6 {[%emt 0:01:30]} 13. Bb5 {[%emt 0:00:30]} Re6 {[%emt 0:01:30]} 14. Bd4 {[%emt 0:03:30]} bxc5 {[%emt 0:04:30]} 15. bxc5 {[%emt 0:01:30]} Qb8 {[%emt 0:39:30]} 16. Bd3 {[%emt 0:12:30]} Ng4 {[%emt 0:11:30]} 17. g3 {[%emt 0:01:30]} Bxd3 {[%emt 0:00:30]} 18. Qxd3 {[%emt 0:01:30]} Ne5 {[%emt 0:00:30]} 19. Qd1 {[%emt 0:01:30]} Rc6 {[%emt 0:05:30]} 20. Nd2 {[%emt 0:01:30]} Qc8 {[%emt 0:04:45]} 21. Nb3 {[%emt 0:04:30]} Rd8 {[%emt 0:02:59]} 22. f4 {[%emt 0:02:30]} Nc4 {[%emt 0:02:32]} 23. Bxg7 {[%emt 0:04:30]} Kxg7 {[%emt 0:00:11]} 24. Qd4+ {[%emt 0:00:30]} f6 {[%emt 0:00:00]} 25. e4 {[%emt 0:01:30]} Na3 {[%emt 0:06:41]} 26. Qb2 {[%emt 0:01:30]} Nb5 {[%emt 0:00:30]} 27. exd5 {[%emt 0:00:30]} Rxd5 {[%emt 0:00:30]} 28. c4 {[%emt 0:00:30]} Rcxc5 {[%emt 0:08:25]} 29. cxd5 {[%emt 0:00:30]} Rc2 {[%emt 0:00:30]} 30. Qb1 {[%emt 0:03:30]} Qc4 {[%emt 0:01:11]} 31. Rf2 {[%emt 0:01:30]} Rxf2 {[%emt 0:01:04]} 32. Kxf2 {[%emt 0:00:30]} Nc3 {[%emt 0:00:00]} 33. Qe1 {[%emt 0:02:30]} Ne4+ {[%emt 0:01:08]} 34. Kg1 {[%emt 0:02:30]} 1-0

[Event "1st Sivas Buruciye Open 2019"]
[Site "Sivas"]
[Date "2019.08.22"]
[Round "6"]
[White "Sibli, Murat Yigit"]
[Black "Tutmaz, Bugra Hamza"]
[Result "1-0"]
[WhiteElo "1583"]
[BlackElo "1276"]
[Annotator "NA"]
[PlyCount "65"]
[EventDate "2019.08.19"]
[EventType "swiss"]
[EventCountry "TUR"]
[SourceTitle "playchess.com"]
[Source "ChessBase"]
[SourceQuality "1"]
[TimeControl "5400+30"]

1. e4 {[%emt 0:00:30]} c6 {[%emt 0:00:30]} 2. d4 {[%emt 0:00:30]} d5 {[%emt 0:01:30]} 3. exd5 {[%emt 0:00:30]} cxd5 {[%emt 0:00:30]} 4. Bd3 {[%emt 0:01:30]} Nc6 {[%emt 0:01:30]} 5. c3 {[%emt 0:00:00]} e6 {[%emt 0:00:30]} 6. Ne2 {[%emt 0:02:00]} Bd6 {[%emt 0:00:30]} 7. O-O {[%emt 0:04:30]} Nge7 {[%emt 0:01:30]} 8. Nd2 {[%emt 0:02:30]} O-O {[%emt 0:01:30]} 9. Nf3 {[%emt 0:02:30]} Bd7 {[%emt 0:01:30]} 10. Bf4 {[%emt 0:03:30]} Qc7 {[%emt 0:01:30]} 11. g3 {[%emt 0:03:30]} h6 {[%emt 0:04:30]} 12. Bc2 {[%emt 0:09:30]} Rac8 {[%emt 0:08:30]} 13. Qd3 {[%emt 0:04:30]} Nf5 {[%emt 0:01:30]} 14. Bxd6 {[%emt 0:03:30]} Qxd6 {[%emt 0:03:30]} 15. g4 {[%emt 0:01:30]} Rfe8 {[%emt 0:03:30]} 16. gxf5 {[%emt 0:03:30]} exf5 {[%emt 0:00:00]} 17. Rae1 {[%emt 0:05:30]} b5 {[%emt 0:02:00]} 18. Ng3 {[%emt 0:08:30]} Rxe1 {[%emt 0:02:30]} 19. Rxe1 {[%emt 0:00:30]} g6 {[%emt 0:01:30]} 20. Qd2 {[%emt 0:05:30]} f4 {[%emt 0:01:30]} 21. Ne2 {[%emt 0:04:30]} g5 {[%emt 0:03:30]} 22. Ne5 {[%emt 0:05:30]} Nxe5 {[%emt 0:01:30]} 23. dxe5 {[%emt 0:00:00]} Qe6 {[%emt 0:00:30]} 24. Nd4 {[%emt 0:06:00]} Qg4+ {[%emt 0:01:30]} 25. Kh1 {[%emt 0:00:30]} Rc4 {[%emt 0:02:30]} 26. Qd3 {[%emt 0:02:50]} Qh5 {[%emt 0:06:30]} 27. Qh7+ {[%emt 0:10:16]} Kf8 {[%emt 0:00:30]} 28. Qh8+ {[%emt 0:00:30]} Ke7 {[%emt 0:00:30]} 29. Qf6+ {[%emt 0:00:30]} Kf8 {[%emt 0:03:30]} 30. e6 {[%emt 0:01:53]} Rc6 {[%emt 0:02:30]} 31. e7+ {[%emt 0:00:30]} Kg8 {[%emt 0:00:30]} 32. e8=Q+ {[%emt 0:00:30]} Bxe8 {[%emt 0:00:30]} 33. Rxe8# {[%emt 0:00:30]} 1-0

[Event "1st Sivas Buruciye Open 2019"]
[Site "Sivas"]
[Date "2019.08.22"]
[Round "6"]
[White "Ismayilov, Arturan"]
[Black "Babayeva, Nasrin"]
[Result "0-1"]
[WhiteElo "1561"]
[BlackElo "1547"]
[Annotator "NA"]
[PlyCount "62"]
[EventDate "2019.08.19"]
[EventType "swiss"]
[EventCountry "TUR"]
[SourceTitle "playchess.com"]
[Source "ChessBase"]
[SourceQuality "1"]
[TimeControl "5400+30"]

1. e4 {[%emt 0:00:30]} Nc6 {[%emt 0:00:30]} 2. Nf3 {[%emt 0:00:30]} d6 {[%emt 0:00:30]} 3. d4 {[%emt 0:00:30]} Bg4 {[%emt 0:00:30]} 4. Bb5 {[%emt 0:00:30]} a6 {[%emt 0:00:30]} 5. Bxc6+ {[%emt 0:00:30]} bxc6 {[%emt 0:00:30]} 6. h3 {[%emt 0:00:00]} Bh5 {[%emt 0:00:00]} 7. Nc3 {[%emt 0:00:00]} Nf6 {[%emt 0:00:00]} 8. g4 {[%emt 0:02:30]} Bg6 {[%emt 0:00:00]} 9. Qe2 {[%emt 0:00:30]} h5 {[%emt 0:05:00]} 10. g5 {[%emt 0:00:30]} Nd7 {[%emt 0:00:00]} 11. Nh4 {[%emt 0:01:30]} e6 {[%emt 0:01:00]} 12. f4 {[%emt 0:01:30]} Be7 {[%emt 0:00:00]} 13. Rg1 {[%emt 0:00:00]} O-O {[%emt 0:03:00]} 14. Bd2 {[%emt 0:00:00]} Qc8 {[%emt 0:10:30]} 15. O-O-O {[%emt 0:01:30]} Re8 {[%emt 0:01:30]} 16. Qf3 {[%emt 0:01:30]} d5 {[%emt 0:02:30]} 17. Rdf1 {[%emt 0:06:30]} Nb6 {[%emt 0:04:30]} 18. f5 {[%emt 0:05:30]} dxe4 {[%emt 0:00:00]} 19. Nxe4 {[%emt 0:00:30]} exf5 {[%emt 0:00:00]} 20. Ng3 {[%emt 0:00:30]} Qe6 {[%emt 0:01:30]} 21. b3 {[%emt 0:00:30]} Ba3+ {[%emt 0:01:30]} 22. Kd1 {[%emt 0:01:30]} Rad8 {[%emt 0:01:30]} 23. Re1 {[%emt 0:01:30]} Qd7 {[%emt 0:00:30]} 24. Nhxf5 {[%emt 0:00:30]} Rxe1+ {[%emt 0:00:30]} 25. Rxe1 {[%emt 0:00:30]} h4 {[%emt 0:01:30]} 26. c3 {[%emt 0:09:30]} hxg3 {[%emt 0:00:30]} 27. Nxg3 {[%emt 0:00:00]} c5 {[%emt 0:01:30]} 28. h4 {[%emt 0:00:00]} cxd4 {[%emt 0:03:30]} 29. h5 {[%emt 0:00:30]} dxc3 {[%emt 0:00:30]} 30. Qxc3 {[%emt 0:00:30]} Qg4+ {[%emt 0:00:00]} 31. Re2 {[%emt 0:04:30]} Bb4 {[%emt 0:00:00]} 0-1

[Event "1st Sivas Buruciye Open 2019"]
[Site "Sivas"]
[Date "2019.08.22"]
[Round "6"]
[White "Babayev, Yusif"]
[Black "Ari, Hasan"]
[Result "1-0"]
[WhiteElo "1179"]
[BlackElo "1028"]
[Annotator "NA"]
[PlyCount "69"]
[EventDate "2019.08.19"]
[EventType "swiss"]
[EventCountry "TUR"]
[SourceTitle "playchess.com"]
[Source "ChessBase"]
[SourceQuality "1"]
[TimeControl "5400+30"]

1. e4 {[%emt 0:00:30]} c5 {[%emt 0:01:30]} 2. c3 {[%emt 0:00:00]} d6 {[%emt 0:00:30]} 3. d4 {[%emt 0:01:00]} cxd4 {[%emt 0:02:30]} 4. cxd4 {[%emt 0:00:00]} Nf6 {[%emt 0:00:00]} 5. Nc3 {[%emt 0:01:00]} g6 {[%emt 0:01:00]} 6. Nf3 {[%emt 0:00:30]} Bg7 {[%emt 0:03:30]} 7. h3 {[%emt 0:00:30]} O-O {[%emt 0:06:30]} 8. Bc4 {[%emt 0:00:30]} Re8 {[%emt 0:06:30]} 9. O-O {[%emt 0:00:00]} e5 {[%emt 0:11:30]} 10. d5 {[%emt 0:01:00]} Nbd7 {[%emt 0:00:30]} 11. Be3 {[%emt 0:02:30]} Nb6 {[%emt 0:06:30]} 12. Bb5 {[%emt 0:00:30]} Bd7 {[%emt 0:01:30]} 13. Bxd7 {[%emt 0:02:30]} Nfxd7 {[%emt 0:00:30]} 14. Qb3 {[%emt 0:02:30]} Rc8 {[%emt 0:06:30]} 15. Nb5 {[%emt 0:04:30]} Nc5 {[%emt 0:02:30]} 16. Bxc5 {[%emt 0:07:30]} Rxc5 {[%emt 0:01:30]} 17. Nxa7 {[%emt 0:04:30]} Bh6 {[%emt 0:17:30]} 18. Nb5 {[%emt 0:01:30]} Nc4 {[%emt 0:01:30]} 19. Rad1 {[%emt 0:08:30]} Na5 {[%emt 0:00:30]} 20. Qd3 {[%emt 0:05:30]} Qb6 {[%emt 0:02:30]} 21. a4 {[%emt 0:03:30]} Rc4 {[%emt 0:04:30]} 22. b3 {[%emt 0:03:30]} Rb4 {[%emt 0:01:49]} 23. Rb1 {[%emt 0:02:30]} Rc8 {[%emt 0:03:02]} 24. Ne1 {[%emt 0:00:30]} Rc1 {[%emt 0:01:38]} 25. Nc2 {[%emt 0:01:30]} Rxf1+ {[%emt 0:00:21]} 26. Kxf1 {[%emt 0:01:30]} Rxb3 {[%emt 0:05:19]} 27. Rxb3 {[%emt 0:00:30]} Nxb3 {[%emt 0:00:30]} 28. Qxb3 {[%emt 0:00:30]} Bf4 {[%emt 0:00:30]} 29. Qc3 {[%emt 0:00:30]} Qa6 {[%emt 0:04:26]} 30. Qb4 {[%emt 0:01:30]} Kg7 {[%emt 0:02:12]} 31. Kg1 {[%emt 0:00:30]} h5 {[%emt 0:00:30]} 32. g3 {[%emt 0:00:30]} Bg5 {[%emt 0:00:30]} 33. Nxd6 {[%emt 0:01:30]} Be7 {[%emt 0:02:15]} 34. Nf5+ {[%emt 0:02:30]} Kf6 {[%emt 0:00:11]} 35. Qxe7# {[%emt 0:00:00]} 1-0

[Event "1st Sivas Buruciye Open 2019"]
[Site "Sivas"]
[Date "2019.08.22"]
[Round "7"]
[White "Annaberdiev, Meilis"]
[Black "Bagaturov, Giorgi"]
[Result "1/2-1/2"]
[WhiteElo "2518"]
[BlackElo "2417"]
[Annotator "ChessBase"]
[PlyCount "80"]
[EventDate "2019.08.19"]
[EventType "swiss"]
[EventCountry "TUR"]
[SourceTitle "playchess.com"]
[Source "ChessBase"]
[SourceQuality "1"]
[TimeControl "5400+30"]

1. d4 d5 2. Bf4 Nf6 3. e3 c5 4. c3 e6 5. Nd2 Nc6 6. Ngf3 Bd6 7. Bg3 O-O 8. Bd3 b6 9. Qe2 Bb7 10. Rd1 Qe7 11. e4 dxe4 12. Nxe4 Nxe4 13. Bxe4 Rad8 14. dxc5 Bxc5 15. O-O Rxd1 16. Rxd1 Rd8 17. b4 Bd6 18. Bh4 f6 19. Qc2 g6 20. Bg3 Bxg3 21. hxg3 e5 22. g4 Kg7 23. Re1 Rd6 24. a3 a5 25. Qb3 axb4 {[%emt 1:27:58]} 26. axb4 {[%emt 1:18:00]} Nd8 {[%emt 0:03:38]} 27. g5 {[%emt 0:01:30]} Bxe4 {[%emt 0:01:05]} 28. gxf6+ {[%emt 0:00:30]} Rxf6 {[%emt 0:01:32]} 29. Rxe4 {[%emt 0:00:30]} Nf7 {[%emt 0:00:12]} 30. c4 {[%emt 0:03:30]} Rf4 {[%emt 0:03:13]} 31. Rxf4 {[%emt 0:01:30]} exf4 {[%emt 0:00:30]} 32. c5 {[%emt 0:00:00]} bxc5 {[%emt 0:00:48]} 33. Qc3+ {[%emt 0:00:00]} Qf6 {[%emt 0:00:07]} 34. Qxc5 {[%emt 0:00:00]} g5 {[%emt 0:01:37]} 35. b5 {[%emt 0:00:00]} Qa1+ {[%emt 0:01:48]} 36. Kh2 {[%emt 0:00:30]} g4 {[%emt 0:00:07]} 37. Ng5 {[%emt 0:12:09]} Qe1 {[%emt 0:00:53]} 38. Qd4+ {[%emt 0:00:20]} Kg6 {[%emt 0:02:47]} 39. Ne4 {[%emt 0:00:40]} Kf5 {[%emt 0:00:24]} 40. Qd5+ {[%emt 0:09:44]} Ne5 {[%emt 0:01:04]} 1/2-1/2

[Event "1st Sivas Buruciye Open 2019"]
[Site "Sivas"]
[Date "2019.08.22"]
[Round "7"]
[White "Saraci, Nderim"]
[Black "Lortkipanidze, Nodar"]
[Result "1/2-1/2"]
[WhiteElo "2398"]
[BlackElo "2336"]
[Annotator "NA"]
[PlyCount "97"]
[EventDate "2019.08.19"]
[EventType "swiss"]
[EventCountry "TUR"]
[SourceTitle "playchess.com"]
[Source "ChessBase"]
[SourceQuality "1"]
[TimeControl "5400+30"]

1. e4 c6 2. Nc3 d5 3. Nf3 a6 4. d4 Bg4 5. Be2 e6 6. O-O Nf6 7. Ne5 Bxe2 8. Qxe2 Be7 9. Rd1 O-O 10. h3 Nbd7 11. Bf4 Nxe5 12. Bxe5 Nd7 13. Bg3 b5 14. a4 b4 15. Nb1 Nf6 16. Nd2 Qb6 17. Be5 Nd7 18. Nf3 Bf6 19. Bd6 Rfe8 20. a5 Qb5 21. Qxb5 axb5 22. exd5 cxd5 23. Bxb4 Rec8 24. c3 Bd8 25. Ra3 Nb8 26. Ne5 f6 27. Nd3 Kf7 28. Rda1 Nc6 29. a6 e5 30. dxe5 fxe5 31. Bc5 Be7 32. Bxe7 Kxe7 33. Rb3 Rcb8 34. Nb4 Kd6 35. Nxc6 Kxc6 36. a7 Rb7 37. Rba3 Kc5 38. Kf1 Kc4 39. Ke2 Rf7 40. f3 Rf6 41. Ra6 d4 42. cxd4 exd4 {[%emt 1:08:00]} 43. Rc1+ {[%emt 1:38:26]} Kb3 {[%emt 0:01:30]} 44. Ra3+ {[%emt 0:10:06]} Kxb2 {[%emt 0:01:30]} 45. Raa1 {[%emt 0:02:39]} Rc6 {[%emt 0:04:30]} 46. Rab1+ {[%emt 0:00:20]} Ka2 {[%emt 0:00:30]} 47. Ra1+ {[%emt 0:00:30]} Kb2 {[%emt 0:00:00]} 48. Rab1+ {[%emt 0:00:19]} Ka2 {[%emt 0:00:00]} 49. Ra1+ {[%emt 0:00:39]} 1/2-1/2

[Event "1st Sivas Buruciye Open 2019"]
[Site "Sivas"]
[Date "2019.08.22"]
[Round "7"]
[White "Barsov, Alexei"]
[Black "Aliyev, Rasim"]
[Result "1-0"]
[WhiteElo "2383"]
[BlackElo "2139"]
[Annotator "NA"]
[PlyCount "79"]
[EventDate "2019.08.19"]
[EventType "swiss"]
[EventCountry "TUR"]
[SourceTitle "playchess.com"]
[Source "ChessBase"]
[SourceQuality "1"]
[TimeControl "5400+30"]

1. d4 d5 2. c4 e6 3. Nc3 Nf6 4. cxd5 exd5 5. Bg5 Nbd7 6. e3 c6 7. Bd3 Be7 8. Qc2 O-O 9. Nf3 Re8 10. O-O Nf8 11. h3 Ne4 12. Bf4 Nd6 13. b4 Be6 14. b5 Rc8 15. bxc6 Rxc6 16. Ne5 Rc8 17. Qb3 Qa5 18. Rfc1 f6 19. Nf3 a6 20. a4 Ne4 21. Ne2 b6 22. Rab1 Rxc1+ 23. Rxc1 Bd8 24. Nc3 g5 25. Bh2 h5 26. Qc2 Nxc3 27. Qxc3 Qxc3 28. Rxc3 Bd7 29. Bxa6 Bxa4 30. Bb7 b5 31. Bxd5+ Kg7 32. Rc8 b4 33. Ra8 Bd7 34. Bd6 g4 35. hxg4 hxg4 36. Nd2 f5 37. g3 Kg6 38. Nc4 Bf6 39. Rxe8 Bxe8 40. Bxf8 1-0

[Event "1st Sivas Buruciye Open 2019"]
[Site "Sivas"]
[Date "2019.08.22"]
[Round "7"]
[White "Sevdimaliyev, Urfan"]
[Black "Temizkan, Denizcan"]
[Result "1-0"]
[WhiteElo "2348"]
[BlackElo "2175"]
[Annotator "NA"]
[PlyCount "83"]
[EventDate "2019.08.19"]
[EventType "swiss"]
[EventCountry "TUR"]
[SourceTitle "playchess.com"]
[Source "ChessBase"]
[SourceQuality "1"]
[TimeControl "5400+30"]

1. d4 d5 2. Nf3 Nf6 3. Bg5 e6 4. Nbd2 Be7 5. e3 O-O 6. Bd3 Nbd7 7. c3 c5 8. Ne5 h6 9. Bh4 Nxe5 10. dxe5 Nd7 11. Bxe7 Qxe7 12. f4 f6 13. exf6 Rxf6 14. Nf3 c4 15. Bc2 Qc5 16. Qd2 b5 17. e4 dxe4 18. Bxe4 Rb8 19. O-O-O Qc7 20. Ne5 Nxe5 21. fxe5 Rf8 22. Qd6 Qxd6 23. exd6 Bb7 {[%emt 1:21:30]} 24. Rhe1 {[%emt 1:24:23]} Bxe4 {[%emt 0:00:30]} 25. Rxe4 {[%emt 0:00:30]} Rf6 {[%emt 0:00:30]} 26. Re5 {[%emt 0:02:01]} a6 {[%emt 0:01:34]} 27. Rc5 {[%emt 0:01:17]} Rf7 {[%emt 0:05:27]} 28. Rc6 {[%emt 0:02:15]} Rd7 {[%emt 0:04:58]} 29. Rxa6 {[%emt 0:00:45]} Kf7 {[%emt 0:00:06]} 30. a4 {[%emt 0:03:56]} bxa4 {[%emt 0:02:49]} 31. Rxa4 {[%emt 0:00:47]} Rc8 {[%emt 0:00:05]} 32. Rd4 {[%emt 0:01:22]} e5 {[%emt 0:00:08]} 33. Rdxc4 {[%emt 0:00:00]} Rxc4 {[%emt 0:00:27]} 34. Rxc4 {[%emt 0:00:00]} Rxd6 {[%emt 0:00:00]} 35. b4 {[%emt 0:01:12]} Ke6 {[%emt 0:00:00]} 36. b5 {[%emt 0:00:48]} Rb6 {[%emt 0:00:27]} 37. Rb4 {[%emt 0:01:34]} Kd5 {[%emt 0:00:30]} 38. Kd2 {[%emt 0:00:00]} Kc5 {[%emt 0:00:00]} 39. Ke3 {[%emt 0:01:08]} Kd5 {[%emt 0:00:33]} 40. g3 {[%emt 0:01:19]} h5 {[%emt 0:00:07]} 41. h4 {[%emt 0:01:34]} g6 {[%emt 0:00:12]} 42. Kd3 {[%emt 0:00:19]} 1-0

[Event "1st Sivas Buruciye Open 2019"]
[Site "Sivas"]
[Date "2019.08.22"]
[Round "7"]
[White "Arman, Deniz"]
[Black "Idrisov, Tabriz"]
[Result "1-0"]
[WhiteElo "2347"]
[BlackElo "2108"]
[Annotator "NA"]
[PlyCount "125"]
[EventDate "2019.08.19"]
[EventType "swiss"]
[EventCountry "TUR"]
[SourceTitle "playchess.com"]
[Source "ChessBase"]
[SourceQuality "1"]
[TimeControl "5400+30"]

1. e4 d6 2. d4 g6 3. h4 h6 4. Be3 Bg7 5. Qd2 c5 6. Ne2 cxd4 7. Nxd4 Nc6 8. Nc3 Nf6 9. f3 Bd7 10. O-O-O a6 11. g4 b5 12. Kb1 Qa5 13. Nb3 Qc7 14. Be2 b4 15. Nd5 Nxd5 16. exd5 Ne5 17. Qxb4 a5 18. Qb6 Qxb6 19. Bxb6 a4 20. Nc1 O-O 21. Bd4 Ra5 22. Bc3 Rc5 23. a3 Rfc8 24. Na2 f5 25. g5 h5 26. Nb4 Rxc3 27. bxc3 Rxc3 28. f4 Ng4 29. Rd3 Rc7 30. Rf3 Bd4 31. Rd1 Bc5 {[%emt 1:30:51]} 32. c3 {[%emt 1:15:00]} Nf2 {[%emt 0:01:33]} 33. Rc1 {[%emt 0:02:30]} Ne4 {[%emt 0:01:02]} 34. Kb2 {[%emt 0:00:30]} Nd2 {[%emt 0:02:49]} 35. Rh3 {[%emt 0:00:00]} Rc8 {[%emt 0:00:55]} 36. Bd3 {[%emt 0:00:00]} Kf7 {[%emt 0:00:31]} 37. Re1 {[%emt 0:00:30]} Ne4 {[%emt 0:03:41]} 38. Bxe4 {[%emt 0:01:30]} fxe4 {[%emt 0:00:30]} 39. Rh2 {[%emt 0:00:30]} Bf5 {[%emt 0:00:30]} 40. Rhe2 {[%emt 0:00:30]} Rc7 {[%emt 0:00:30]} 41. Rxe4 {[%emt 0:00:30]} Bxe4 {[%emt 0:00:30]} 42. Rxe4 {[%emt 0:00:30]} Bf2 {[%emt 0:00:30]} 43. Nd3 {[%emt 0:00:30]} Rb7+ {[%emt 0:05:32]} 44. Kc2 {[%emt 0:00:00]} Bg1 {[%emt 0:01:13]} 45. Rxa4 {[%emt 0:00:00]} e6 {[%emt 0:00:19]} 46. Ra6 {[%emt 0:00:30]} Ke7 {[%emt 0:00:25]} 47. dxe6 {[%emt 0:01:30]} Kxe6 {[%emt 0:00:01]} 48. c4 {[%emt 0:00:30]} Rc7 {[%emt 0:01:41]} 49. Kc3 {[%emt 0:00:30]} Kf5 {[%emt 0:01:05]} 50. Rxd6 {[%emt 0:00:30]} Kg4 {[%emt 0:00:00]} 51. Rxg6 {[%emt 0:00:30]} Kxh4 {[%emt 0:00:00]} 52. f5 {[%emt 0:00:00]} Be3 {[%emt 0:00:26]} 53. Ne5 {[%emt 0:01:00]} Rc5 {[%emt 0:01:08]} 54. Nf3+ {[%emt 0:04:30]} Kg3 {[%emt 0:00:25]} 55. Nd4 {[%emt 0:01:30]} Bxd4+ {[%emt 0:00:52]} 56. Kxd4 {[%emt 0:00:30]} Rxf5 {[%emt 0:00:02]} 57. c5 {[%emt 0:00:30]} Rf3 {[%emt 0:00:19]} 58. c6 {[%emt 0:00:30]} Rxa3 {[%emt 0:00:04]} 59. Rh6 {[%emt 0:00:00]} Ra4+ {[%emt 0:01:07]} 60. Kd5 {[%emt 0:01:00]} Ra5+ {[%emt 0:01:15]} 61. Kd6 {[%emt 0:00:30]} Rxg5 {[%emt 0:00:07]} 62. c7 {[%emt 0:00:00]} Rg8 {[%emt 0:00:27]} 63. Rxh5 {[%emt 0:00:00]} 1-0

[Event "1st Sivas Buruciye Open 2019"]
[Site "Sivas"]
[Date "2019.08.22"]
[Round "7"]
[White "Darban, Morteza"]
[Black "Yarashov, Azat"]
[Result "1-0"]
[WhiteElo "2280"]
[BlackElo "2156"]
[Annotator "NA"]
[PlyCount "85"]
[EventDate "2019.08.19"]
[EventType "swiss"]
[EventCountry "TUR"]
[SourceTitle "playchess.com"]
[Source "ChessBase"]
[SourceQuality "1"]
[TimeControl "5400+30"]

1. e4 g6 2. d4 Bg7 3. Nf3 c6 4. h3 d6 5. Bd3 Nd7 6. O-O Qc7 7. Qe2 e5 8. dxe5 dxe5 9. b3 Ne7 10. a4 O-O 11. Ba3 Nf6 12. Nbd2 Nh5 13. Nc4 Rd8 14. Rfd1 h6 15. Qe3 b5 16. Nb2 bxa4 17. Nxa4 g5 18. Be2 Nf4 19. Rxd8+ Qxd8 20. Rd1 Qe8 21. Bf1 Neg6 22. Bc5 g4 23. hxg4 Bxg4 24. Rd2 h5 25. Ne1 Bh6 26. Qc3 Kh7 {[%emt 1:37:21]} 27. Be3 {[%emt 1:07:30]} h4 {[%emt 0:00:30]} 28. Nb2 {[%emt 0:04:30]} Qe6 {[%emt 0:00:35]} 29. Nc4 {[%emt 0:02:30]} Qf6 {[%emt 0:00:55]} 30. Kh2 {[%emt 0:02:30]} Rg8 {[%emt 0:00:30]} 31. Rd6 {[%emt 0:08:30]} Ne6 {[%emt 0:01:19]} 32. Bxh6 {[%emt 0:04:03]} Kxh6 {[%emt 0:00:05]} 33. Ne3 {[%emt 0:02:04]} Bh5 {[%emt 0:01:39]} 34. Nf5+ {[%emt 0:00:31]} Kh7 {[%emt 0:00:02]} 35. Qe3 {[%emt 0:01:05]} Ngf4 {[%emt 0:00:25]} 36. Rxc6 {[%emt 0:01:30]} Bg4 {[%emt 0:00:28]} 37. Ra6 {[%emt 0:01:38]} Bxf5 {[%emt 0:00:28]} 38. exf5 {[%emt 0:00:35]} Qxf5 {[%emt 0:00:02]} 39. Nd3 {[%emt 0:03:10]} Ng6 {[%emt 0:01:49]} 40. Ra5 {[%emt 0:00:57]} Ng5 {[%emt 0:02:43]} 41. Nxe5 {[%emt 0:01:44]} h3 {[%emt 0:00:29]} 42. Bd3 {[%emt 0:01:27]} Ne4 {[%emt 0:01:09]} 43. Bxe4 {[%emt 0:00:48]} 1-0

[Event "1st Sivas Buruciye Open 2019"]
[Site "Sivas"]
[Date "2019.08.22"]
[Round "7"]
[White "Bayramov, Elvin"]
[Black "Abdulov, Orkhan"]
[Result "0-1"]
[WhiteElo "2198"]
[BlackElo "2397"]
[Annotator "NA"]
[PlyCount "117"]
[EventDate "2019.08.19"]
[EventType "swiss"]
[EventCountry "TUR"]
[SourceTitle "playchess.com"]
[Source "ChessBase"]
[SourceQuality "1"]
[TimeControl "5400+30"]

1. e4 e5 2. Nc3 Nf6 3. f4 d5 4. fxe5 Nxe4 5. Qf3 Nxc3 6. bxc3 c5 7. Bb5+ Bd7 8. Bxd7+ Qxd7 9. Ne2 Nc6 10. O-O Nxe5 11. Qe3 Qe7 12. d4 Nc6 13. Qf3 O-O-O 14. Rb1 f6 15. Ba3 Qd7 16. Bxc5 Bxc5 17. dxc5 Qe7 18. Qf2 Rhe8 19. Ng3 g6 20. Rfe1 Qf8 21. Ne2 f5 22. Nf4 Qf7 23. Rxe8 Rxe8 24. Rd1 Re5 25. Qd2 Qe7 26. Kh1 Qg5 27. Qf2 Qg4 28. Qf1 Re4 29. g3 d4 30. cxd4 Nxd4 31. c6 {[%emt 1:22:30]} Nxc6 {[%emt 1:24:30]} 32. Rd3 {[%emt 0:02:30]} Qg5 {[%emt 0:01:30]} 33. Qa1 {[%emt 0:00:30]} Re5 {[%emt 0:01:07]} 34. Qc3 {[%emt 0:03:37]} Qe7 {[%emt 0:00:31]} 35. Qb3 {[%emt 0:02:01]} Re1+ {[%emt 0:03:46]} 36. Kg2 {[%emt 0:00:03]} Qe8 {[%emt 0:00:05]} 37. Rd6 {[%emt 0:03:13]} Re5 {[%emt 0:04:53]} 38. Qc4 {[%emt 0:03:33]} Kb8 {[%emt 0:00:46]} 39. Re6 {[%emt 0:02:06]} Rxe6 {[%emt 0:03:02]} 40. Nxe6 {[%emt 0:00:01]} Qe7 {[%emt 0:00:58]} 41. Qd5 {[%emt 0:01:06]} a6 {[%emt 0:01:12]} 42. c4 {[%emt 0:01:11]} Kc8 {[%emt 0:03:36]} 43. Nc5 {[%emt 0:01:17]} Nb4 {[%emt 0:00:35]} 44. Qg8+ {[%emt 0:00:51]} Kc7 {[%emt 0:00:05]} 45. Ne6+ {[%emt 0:00:00]} Kd6 {[%emt 0:01:03]} 46. Nf4 {[%emt 0:01:14]} g5 {[%emt 0:00:47]} 47. Qb8+ {[%emt 0:02:18]} Kc5 {[%emt 0:00:22]} 48. Qc8+ {[%emt 0:00:09]} Kd4 {[%emt 0:00:25]} 49. Ne6+ {[%emt 0:00:37]} Kc3 {[%emt 0:00:36]} 50. Qh8+ {[%emt 0:01:12]} Kxc4 {[%emt 0:01:09]} 51. Qd4+ {[%emt 0:01:04]} Kb5 {[%emt 0:00:06]} 52. Qe5+ {[%emt 0:00:41]} Kb6 {[%emt 0:00:19]} 53. Qe3+ {[%emt 0:01:52]} Ka5 {[%emt 0:01:42]} 54. Qe5+ {[%emt 0:00:39]} b5 {[%emt 0:00:26]} 55. Qxf5 {[%emt 0:01:28]} Nxa2 {[%emt 0:00:26]} 56. Nxg5 {[%emt 0:01:26]} Nc3 {[%emt 0:00:50]} 57. Ne6 {[%emt 0:00:18]} Qd6 {[%emt 0:00:20]} 58. Nf4 {[%emt 0:00:49]} Qc6+ {[%emt 0:00:33]} 59. Kg1 {[%emt 0:01:14]} 0-1